Kis rádiókészűlékek építése : működése /

Uložené v:
Podrobná bibliografia
Hlavný autor: Makai, I.
Médium: Kniha
Jazyk:Hungarian
Vydané: Budapest : Népszava, 1956.
Vydanie:5. kiad.
ISBN: (brož.)
Fyzický popis: 144 s.
Tagy: Pridať tag
Žiadne tagy, Buďte prvý kto otaguje tento záznam!

MARC

LEADER 00000nam a22000004a 4500
001 000437813
005 20131001170420.0
008 131001s1956 hu e 000 0 hun d
020 |a (brož.)  |c Kčs 2,50 
040 |a SVKKK  |b slo  |c SVKKK  |e AACR2 
041 0 |a hun 
044 |a hu  |c HU 
100 1 |a Makai, I. 
245 1 0 |a Kis rádiókészűlékek építése :  |b működése /  |c I. Makai. 
250 |a 5. kiad. 
260 |a Budapest :  |b Népszava,  |c 1956. 
300 |a 144 s. 
910 |a svkkk 
998 |a BK 
090 |g SCKHL  |k Sklad Pribinova prízemie  |a I.11109  |j 150966  |i 2720393163  |s Prezenčne 
090 |g SCKHL  |k Sklad Pribinova prízemie  |a I.3805  |j 80113  |i 2720349507  |s Prezenčne